Los conventillos de Valparaíso, 1880-1920: fisonomía y percepción de una vivienda popular urbana.
Guardat en:
| Autor principal: | |
|---|---|
| Format: | Llibre |
| Publicat: |
Valparaíso, Chile:
Ediciones Universitarias de Valparaíso,
2002.
|
| Edició: | Primera edición |
| Col·lecció: | Colección Quintil. Serie Argumentos
|
| Matèries: | |
| Etiquetes: |
Afegir etiqueta
Sense etiquetes, Sigues el primer a etiquetar aquest registre!
|
MARC
| LEADER | 00000cam a2200000 a 4500 | ||
|---|---|---|---|
| 001 | UCM6493 | ||
| 003 | CL-VaPUC | ||
| 005 | 20240125113208.0 | ||
| 008 | 230908ty2002 ||||| |||| 00| 0 eng d | ||
| 999 | |c 301887 |d 301885 | ||
| 020 | |a 956-17-0329-7 | ||
| 040 | |c Pontificia Universidad Católica de Valparaíso | ||
| 082 | 0 | 4 | |a 363 URB 2002 |2 21 |
| 100 | 0 | |a Urbina Carrasco, María Ximena |e autora |9 472416 | |
| 245 | 1 | 4 | |a Los conventillos de Valparaíso, 1880-1920: fisonomía y percepción de una vivienda popular urbana. |
| 250 | |a Primera edición | ||
| 260 | 0 | 3 | |a Valparaíso, Chile: |b Ediciones Universitarias de Valparaíso, |c 2002. |
| 300 | |a 269 páginas | ||
| 490 | 0 | |a Colección Quintil. Serie Argumentos | |
| 500 | |a El libro contiene 4 planos, sobre la distribución de los conventillos, vistas de algunos; 15 fotografías, muchas de ellas tomadas de la revista Sucesos C.8 Donación Rectoria 2022 | ||
| 583 | |a last modification |c 20131010 05:37:47 |k Rodrigo Vera | ||
| 650 | 0 | |a Conventillos |2 CL-VaPUC |9 472417 | |
| 650 | 0 | |a Vivienda popular |2 CL-VaPUC |9 472418 | |
| 650 | 0 | |a Problemas sociales |9 258537 | |
| 650 | 0 | |a Historia local |9 266584 | |
| 650 | 0 | |a Historia urbana |2 CL-VaPUC |9 265140 | |
| 650 | 0 | |a Iconografía |9 267998 | |
| 650 | 0 | |a Valparaíso histórico |9 266586 | |
| 650 | 0 | |a Archivo histórico PUCV |9 255554 | |
| 650 | 0 | |a Académicos |x Pontificia Universidad Católica de Valparaíso (PUCV) |9 255553 | |
| 650 | 0 | |a Antropología cultural y social |9 265143 | |
| 651 | 0 | |a Valparaíso, Chile |z Chile |9 261144 | |
| 942 | |c BK |2 ddc | ||
| 945 | |d 20021108 00:00:00 |a cmena | ||
| 952 | |0 0 |1 0 |2 ddc |4 0 |6 363_000000000000000_URB_2002 |7 0 |8 R |9 361636 |a BIBARQ |b BIBARQ |d 2019-11-21 |i 3875199 |l 1 |o 363 URB 2002 |p 3875199 |r 2025-01-20 |s 2022-09-30 |t 3 |w 2019-11-21 |y BK_R |k ARQ | ||
| 952 | |0 0 |1 0 |2 ddc |4 0 |6 363_000000000000000_URB_2002 |7 0 |8 A |9 361637 |a BIBHIS |b BIBHIS |d 2019-11-21 |i 3875202 |l 1 |m 1 |o 363 URB 2002 |p 3875202 |r 2025-01-20 |s 2022-08-09 |t 4 |w 2019-11-21 |y BK |k HIS | ||
| 952 | |0 0 |1 0 |2 ddc |4 0 |6 363_000000000000000_URB_2002 |7 0 |8 A |9 361638 |a BIBHIS |b BIBHIS |d 2019-11-21 |i 3896056 |o 363 URB 2002 |p 3896056 |r 2025-01-20 |t 5 |w 2019-11-21 |y BK |k HIS | ||
| 952 | |0 0 |1 0 |2 ddc |4 0 |6 363_000000000000000_URB_2002 |7 0 |8 X |9 361639 |a FDOBUD |b FDOBUD |d 2019-11-21 |i 1082760 |o 363 URB 2002 |p 1082760 |r 2019-11-21 |t 1 |w 2019-11-21 |y BK_X |k FHP | ||
| 952 | |0 0 |1 0 |2 ddc |4 0 |6 363_000000000000000_URB_2002 |7 0 |8 X |9 361640 |a FDOBUD |b FDOBUD |d 2019-11-21 |i 4546938 |o 363 URB 2002 |p 4546938 |r 2019-11-21 |t 6 |w 2019-11-21 |y BK_X |k FHP | ||
| 952 | |0 0 |1 0 |2 ddc |4 0 |6 363_000000000000000_URB_2002 |7 0 |8 A |9 361641 |a BIBDER |b BIBDER |d 2019-11-21 |i 4840712 |o 363 URB 2002 |p 4840712 |r 2023-01-25 |t 7 |w 2019-11-21 |y BK |k DER | ||
| 952 | |0 0 |1 0 |2 ddc |3 erb |4 0 |6 363_000000000000000_URB_2002 |7 0 |8 A |9 361642 |a BIBCUR |b BIBCUR |d 2019-11-21 |i 3859355 |o 363 URB 2002 |p 3859355 |r 2025-04-22 |t 2 |w 2019-11-21 |y BK |k BCB | ||
| 952 | |0 0 |1 0 |2 ddc |4 0 |6 363_000000000000000_URB_2002 |7 0 |8 A |9 591477 |a BIBHIS |b BIBHIS |d 2023-09-11 |e Donación |i 5658597 |o 363 URB 2002 |p 5658597 |r 2025-01-20 |t 8 |w 2023-09-11 |y BK |k HIS | ||